Statistics for Longest Serving World Leaders, Not In Africa Or Asia

Click here to take the quiz!

General Stats

  • This quiz has been taken 47 times
  • The average score is 7 of 10

Answer Stats

LeaderYearsCountry% Correct
Raul Castro10Cuba
95%
Angela Merkel10Germany
95%
Alexander Lukashenko22Belarus
92%
Vladimir Putin17Russia
92%
Evo Morales10Bolivia
76%
Filip Vujanovic13Montenegro
57%
Tuilaepa Aiono Sailele Malielegaoi17Samoa
46%
Roosevelt Skerrit12Dominica
43%
Ralph Gonsalves15St Vincent and the Grenadines
35%
Doris Leuthard10Switzerland
22%

Score Distribution

Percentile by Number Answered

Percent of People with Each Score

Your Score History

You have not taken this quiz